Baby lamb finds a friend / (Record no. 5621)

MARC details
000 -LEADER
fixed length control field 01094cam a22003617a 4500
001 - CONTROL NUMBER
control field 5621
003 - CONTROL NUMBER IDENTIFIER
control field FISKH
005 - DATE AND TIME OF LATEST TRANSACTION
control field 20250731083250.0
008 - FIXED-LENGTH DATA ELEMENTS--GENERAL INFORMATION
fixed length control field 090813s2007 ctua j 000 1 eng d
010 ## - LIBRARY OF CONGRESS CONTROL NUMBER
LC control number 2009455867
020 ## - INTERNATIONAL STANDARD BOOK NUMBER
International Standard Book Number 9781592497461 (board bk.)
020 ## - INTERNATIONAL STANDARD BOOK NUMBER
International Standard Book Number 1592497462 (board bk.)
040 ## - CATALOGING SOURCE
Original cataloging agency BTCTA
Transcribing agency BTCTA
Modifying agency IHI
-- DLC
Language of cataloging eng
050 ## - LIBRARY OF CONGRESS CALL NUMBER
Classification number PZ10.O27
082 ## - DEWEY DECIMAL CLASSIFICATION NUMBER
Classification number 419
100 1# - MAIN ENTRY--PERSONAL NAME
Personal name Galvin, Laura Gates,
Dates associated with a name 1963-
245 10 - TITLE STATEMENT
Title Baby lamb finds a friend /
Statement of responsibility, etc. Laura Gates Galvin.
260 ## - PUBLICATION, DISTRIBUTION, ETC.
Place of publication, distribution, etc. Norwalk, Conn. :
Name of publisher, distributor, etc. Soundprints,
Date of publication, distribution, etc. 2007.
300 ## - PHYSICAL DESCRIPTION
Extent 14 unnumbered pages :
Dimensions color illustrations ;
-- 19 cm
490 1# - SERIES STATEMENT
Series statement Baby animals
505 ## - FORMATTED CONTENTS NOTE
Formatted contents note F<br/>
520 ## - SUMMARY, ETC.
Summary, etc. Baby Lamb and a new friend enjoy a day of fun and games.
521 8# - TARGET AUDIENCE NOTE
Target audience note 300<br/>
Source Lexile estimate <br/><br/>
521 8# - TARGET AUDIENCE NOTE
Target audience note F<br/>
Source Raz-Plus<br/>
650 #0 - SUBJECT ADDED ENTRY--TOPICAL TERM
Topical term or geographic name entry element Lambs
Form subdivision Juvenile fiction.
650 #0 - SUBJECT ADDED ENTRY--TOPICAL TERM
Topical term or geographic name entry element Play
Form subdivision Juvenile fiction.
650 #1 - SUBJECT ADDED ENTRY--TOPICAL TERM
Topical term or geographic name entry element Sheep
Form subdivision Fiction.
650 #1 - SUBJECT ADDED ENTRY--TOPICAL TERM
Topical term or geographic name entry element Animals
General subdivision Infancy
Form subdivision Fiction.
650 #1 - SUBJECT ADDED ENTRY--TOPICAL TERM
Topical term or geographic name entry element Play
Form subdivision Fiction.
906 ## - LOCAL DATA ELEMENT F, LDF (RLIN)
a 7
b cbc
c copycat
d 2
e ncip
f 20
g y-gencatlg
942 ## - ADDED ENTRY ELEMENTS (KOHA)
Source of classification or shelving scheme Dewey Decimal Classification
Koha item type Books
Suppress in OPAC No
Holdings
Withdrawn status Lost status Source of classification or shelving scheme Damaged status Not for loan Collection Home library Current library Shelving location Date acquired Total Checkouts Full call number Barcode Date last seen Copy number Price effective from Koha item type
    Dewey Decimal Classification     Non-Fiction Footprints International School Library Network Toul Kork Campus Footprints International School Library Network Toul Kork Campus TK Primary Library Room(4th Floor), Bookcase 7, Shelves 57-60, Dark Green Books 12/20/2024   GAV 419 PZ10.O27 2024-2490 12/20/2024 1 12/20/2024 Books
    Dewey Decimal Classification     Non-Fiction Footprints International School Library Network Toul Kork Campus Footprints International School Library Network Toul Kork Campus TK Primary Library Room(4th Floor), Bookcase 7, Shelves 57-60, Dark Green Books 07/31/2025   GAV 419 PZ10.O27 FISTK02691 11/10/2025 2 07/31/2025 Books